00262nam a22001097a 4500040000900000082001300009100002000022245002200042250001600064260005000080650002200130 cNUST a547bPIN aPine, Stanley H aOrganic Chemistry a5th Edition aIslamabad:bNational Book Foundation,c2007. aOrganic Chemistry